Separatists Movements of Africa - Statistics

General Stats
  • This quiz has been taken 90 times
  • The average score is 6 of 8
Answers on the Map
Answers color-coded by a green-red scale on the quiz's map according to % correct below.
 
Answer Stats
Separatist Movement % Correct
Somaliland
99%
Sinai
96%
Darfur
80%
Cabinda
68%
Biafra
62%
Azawad
57%
Ambazonia
46%
Rif
45%
No matching quizzes found
Score Distribution
Percent of People with Each Score
Percentile by Number Answered
Your Score History
You have not taken this quiz